Powerless Powers - Statistics

General Stats
  • This quiz has been taken 353 times
    195 since last reset
  • The average score is 12 of 18
Answer Stats
Hint Answer % Correct
Kitt Azer Dual
89%
Kai Azer Wielder
85%
Makato Khitan Wielder
85%
Adam Gray Healer
80%
Blair Archer Tele
78%
Jax Shields Blink
76%
Ava Azer Crawler
74%
Calum Mind reader
72%
Braxton Brawny
70%
Edric Azer Brawny
70%
Lenny Hyper
62%
Adena Phaser
62%
Ace Elway Illusionist
58%
Micah Silencer
55%
Mirah Silencer
55%
Sadie Knox Cloner
51%
Hera Colt Veil
50%
Andrea 'Andy' Vos Shapeshifter
45%
No matching quizzes found
Score Distribution
Percent of People with Each Score
Percentile by Number Answered
Your Score History
You have not taken this quiz since the last reset